| 000 | 00000nam##2200000za#4500 |
| 001 | 9.640843 |
| 003 | CaOODSP |
| 005 | 20210624222852 |
| 007 | cr ||||||||||| |
| 008 | 150407|2010||||xxc|||||o f|0| 0 fre|d |
| 040 | |aCaOODSP|bfre |
| 043 | |an-cn--- |
| 086 | 1 |aE84-34/2010F-PDF |
| 110 | 1 |aCanada.|bDroits et Démocratie (Centre international des droits de la personne et du développement démocratique) |
| 245 | 10|aExploitation minière à grande échelle en Équateur et violation des droits humains : |h[ressource électronique]|bdossier Corriente Resources Inc. / |cavec la collaboration de : Comision Ecumenica de Derechos Humanos (CEDHU) et Fédération internationale des ligues des droits de l'Homme (FIDH). |
| 260 | |aMontréal - Québec : |bDroits et Démocratie (Centre international des droits de la personne et du développement démocratique) |c[2010]. |
| 300 | |a40p. |
| 504 | |aBibliographie. |
| 590 | |a12-39-Supp|b2012-10-11 |
| 775 | 08|tLarge-scale mining in Ecuador and human rights abuses : |w(CaOODSP)9.696735 |
| 856 | 40|ahttp://publications.gc.ca|qPDF|s1.11 Mo|uhttps://publications.gc.ca/collections/collection_2012/dd-rd/E84-34-2010-fra.pdf |